Health for better living
This text represents an attempt to give credence to the rules for healthful living by giving the scientific bases for them, and by presenting the most current and accurate information available on the topics covered.
Đã lưu trong:
| 主要作者: | |
|---|---|
| 格式: | 圖書 |
| 語言: | Undetermined |
| 出版: |
Englewood Cliffs, N.J.
Prentice-Hall
1964
|
| 主題: | |
| 標簽: |
添加標簽
沒有標簽, 成為第一個標記此記錄!
|
| Thư viện lưu trữ: | Trung tâm Học liệu Trường Đại học Cần Thơ |
|---|
| LEADER | 00722nam a2200193Ia 4500 | ||
|---|---|---|---|
| 001 | CTU_186150 | ||
| 008 | 210402s9999 xx 000 0 und d | ||
| 082 | |a 613 | ||
| 082 | |b H959 | ||
| 100 | |a Hurster, Madeline M. | ||
| 245 | 0 | |a Health for better living | |
| 245 | 0 | |c Madeline M. Hurster. | |
| 260 | |a Englewood Cliffs, N.J. | ||
| 260 | |b Prentice-Hall | ||
| 260 | |c 1964 | ||
| 520 | |a This text represents an attempt to give credence to the rules for healthful living by giving the scientific bases for them, and by presenting the most current and accurate information available on the topics covered. | ||
| 650 | |a Hygiene,Vệ sinh | ||
| 910 | |a Hải | ||
| 980 | |a Trung tâm Học liệu Trường Đại học Cần Thơ | ||